Nguyễn Trãi Phê bình bình luận văn học:Tuyển chọn và trích dẫn những bài phê bình bình luận văn học
vv
Đã lưu trong:
| Tác giả chính: | |
|---|---|
| Định dạng: | Sách |
| Năm xuất bản: |
Tp.Hồ Chí Minh
Văn nghệ Tp. Hồ Chí Minh
1991
|
| Chủ đề: | |
| Tags: |
Thêm thẻ
Không có thẻ, Hãy là người đầu tiên gắn thẻ bản ghi này!
|
| LEADER | 00819nam a2200193 4500 | ||
|---|---|---|---|
| 082 | |a 895.9221009 |b NG527Tr | ||
| 100 | |a Phạm Văn Đồng | ||
| 245 | |a Nguyễn Trãi |c Nguyễn Trãi; Vũ Tiến Quỳnh biên soạn |b Phê bình bình luận văn học:Tuyển chọn và trích dẫn những bài phê bình bình luận văn học | ||
| 260 | |a Tp.Hồ Chí Minh |b Văn nghệ Tp. Hồ Chí Minh |c 1991 | ||
| 300 | |a 135tr. |c 21cm | ||
| 520 | |a vv | ||
| 653 | |a Văn học | ||
| 653 | |a Việt Nam | ||
| 653 | |a Thơ | ||
| 653 | |a Phê bình văn học | ||
| 653 | |a Bình luận | ||
| 942 | |2 ddc |c SH | ||
| 999 | |c 4391 |d 4391 | ||
| 952 | |0 0 |1 0 |2 ddc |4 0 |6 895_922100900000000_NG527TR |7 0 |8 800 |9 43461 |a qbu |b qbu |c D5 |d 2014-12-19 |g 10000 |l 3 |o 895.9221009 NG527Tr |p 3834.C1 |r 2016-12-26 |s 2016-12-13 |w 2014-12-19 |y SH |0 0 |6 895_922100900000000_NG527TR | ||